| 000 | 016470000a22002890004500 | ||
|---|---|---|---|
| 999 |
_c45903 _d45903 |
||
| 001 | 19540 | ||
| 003 | CO-MdFUSB | ||
| 005 | 20180716112918.0 | ||
| 008 | 180716t1927 gw ||||g |||| 00| 0 ger d | ||
| 040 |
_aCO-MdFUSB _bspa _cCO-MdFUSB _dCO-MdFUSB _erda |
||
| 041 | _ager | ||
| 082 |
_224 _aG 292.13 _bR379h |
||
| 100 | 1 |
_aReitzenstein, R. _eautor |
|
| 245 | 1 | 4 |
_aDie hellenistischen mysterienreligionen _b: Nach ihren grundgedanken und wirkungen _c/ R. Reitzenstein |
| 264 | 1 |
_aLeipzig, Alemania : _bVon B. G. Teubner, _c℗1927 |
|
| 300 |
_a438 páginas _c; |
||
| 336 |
_atexto _btxt _2rdacontent |
||
| 337 |
_2rdamedia _asin mediación _bn |
||
| 338 |
_2rdacarrier _avolumen _bnc |
||
| 501 | _aIncluye índices (p. 426-438) | ||
| 505 | 0 | _aDe la contemplación y el perímetro de la sustancia -- Culto oriental y helenístico -- Místicos, guerreros santos y Dios Prisionero -- El efecto religioso del imperio persa -- El informe de Apuleyo -- El concepto helenístico de Pistia -- Filósofo y profeta -- Misterio y antigua religión -- Internalización de los misterios -- Sobre la unión de amor con Dios -- La elección, la vocación, la justificación, la transfiguración -- Los nombres de los transformados -- Virtudes y vicios como miembros -- Los nuevos fragmentos maniqueos -- Los términos gnosticismo y pneuma -- Pablo como la neumática -- El lenguaje del arte de los gnósticos -- El doble toque en el romanticismo -- La importancia del ser -- El desarrollo historial de San Pablo | |
| 563 | _aPasta dura | ||
| 650 | 0 |
_9938 _aDioses |
|
| 653 | _aMitología -- religión clásica | ||
| 942 | _cBK | ||